[Event "Acropolis 2008"]
[Site "Athens"]
[Date "2008.08.09"]
[Round "1.2"]
[White "Graf, Alexander"]
[Black "Velcheva, Maria"]
[Result "1-0"]
[WhiteElo "2621"]
[BlackElo "2281"]
[PlyCount "139"]
[EventDate "2008.08.09"]
[EventType "swiss"]
[EventRounds "9"]
[EventCountry "GRE"]

1. d4 d5 2. c4 e5 3. dxe5 d4 4. Nf3 Nc6 5. Nbd2 Nge7 6. Nb3 Nf5 7. g4 Nh4 8.
Nbxd4 Nxd4 9. Nxd4 Bb4+ 10. Bd2 Qxd4 11. Bxb4 Qxb2 12. Rb1 Qxe5 13. Rb3 Be6 14.
Re3 Qf4 15. Qd3 Rd8 16. Qe4 Qxe4 17. Rxe4 b6 18. Rg1 c5 19. Bc3 O-O 20. f4 Rfe8
21. Rg3 f5 22. gxf5 Nxf5 23. Bh3 Nxg3 24. Bxe6+ Rxe6 25. Rxe6 Nf5 26. e4 Rd3
27. Bb2 Nd4 28. Re7 Kf8 29. Rxa7 Re3+ 30. Kd1 Rxe4 31. Rb7 Rxf4 32. Rxb6 Nf5
33. a4 Rxc4 34. a5 Ra4 35. Rb5 g6 36. Rxc5 Ke7 37. Be5 Ke6 38. Kc2 Re4 39. Bc3
Kd6 40. Rc8 Kd7 41. Rh8 Kc6 42. Kb3 Nd4+ 43. Bxd4 Rxd4 44. Rxh7 Kb5 45. Kc3 Rg4
46. Rb7+ Kxa5 47. Rb2 Ka4 48. Kd3 Ka3 49. Re2 Kb3 50. Re4 Rg2 51. h3 Rh2 52.
Re3 Kb4 53. Kd4 Rd2+ 54. Ke5 Rg2 55. Re4+ Kc5 56. Rg4 Re2+ 57. Kf6 Kd5 58. h4
Re6+ 59. Kf7 Ra6 60. Rxg6 Ra7+ 61. Kf6 Ke4 62. h5 Ra6+ 63. Kg5 Ra5+ 64. Kh6 Ra7
65. Rf6 Ra1 66. Kg7 Rg1+ 67. Kf7 Ke5 68. h6 Rb1 69. Kg7 Rh1 70. Rg6 1-0

[Event "Acropolis 2008"]
[Site "Athens"]
[Date "2008.08.09"]
[Round "1.3"]
[White "Nikolaidis, Konstantinos"]
[Black "Gelashvili, Tamaz"]
[Result "0-1"]
[WhiteElo "2279"]
[BlackElo "2612"]
[PlyCount "98"]
[EventDate "2008.08.09"]
[EventType "swiss"]
[EventRounds "9"]
[EventCountry "GRE"]

1. e4 e5 2. Nf3 d6 3. d4 exd4 4. Qxd4 a6 5. Bf4 Nc6 6. Qd2 Bg4 7. Be2 Be7 8.
Nc3 h6 9. O-O-O Bxf3 10. Bxf3 Bg5 11. g3 Bf6 12. Nd5 Be5 13. Be3 Nge7 14. Bg2
Nxd5 15. exd5 Ne7 16. Bd4 Bxd4 17. Qxd4 O-O 18. Bh3 Kh8 19. Rhe1 Ng8 20. f4 a5
21. Re3 a4 22. a3 Ra5 23. Qb4 b6 24. Qc4 Nf6 25. Bg2 Re8 26. Rde1 Rxe3 27. Rxe3
Kg8 28. h3 Qd7 29. Kb1 Rc5 30. Qd4 Qb5 31. Rd3 Kf8 32. Kc1 h5 33. h4 Rc4 34.
Qe3 Ng4 35. Qe2 Qc5 36. Kb1 b5 37. Bf3 Qg1+ 38. Ka2 Qxg3 39. b3 Rxf4 40. Rc3
Ne5 41. Qxb5 g6 42. bxa4 Rxf3 43. Rxf3 Qxf3 44. a5 Qc3 45. a6 Qxc2+ 46. Ka1
Qc1+ 47. Ka2 Qc4+ 48. Qxc4 Nxc4 49. a7 Nb6 0-1

[Event "Acropolis 2008"]
[Site "Athens"]
[Date "2008.08.09"]
[Round "1.4"]
[White "Parligras, Mircea"]
[Black "Stefanopoulos, Orestis"]
[Result "1-0"]
[WhiteElo "2588"]
[BlackElo "2279"]
[PlyCount "59"]
[EventDate "2008.08.09"]
[EventType "swiss"]
[EventRounds "9"]
[EventCountry "GRE"]

1. d4 b6 2. e4 Bb7 3. Bd3 e6 4. Nf3 Nf6 5. Qe2 c5 6. e5 Ng8 7. dxc5 Bxc5 8.
Nbd2 d5 9. c3 Nd7 10. O-O h5 11. Nb3 Be7 12. Nfd4 Qc7 13. f4 g6 14. Be3 Nh6 15.
Nxe6 fxe6 16. Bxg6+ Kd8 17. Nd4 Nf8 18. Qxh5 Nf7 19. Qg4 Bc5 20. Bf2 Bxd4 21.
cxd4 Nxg6 22. Qxg6 Qe7 23. f5 Kd7 24. Be3 Raf8 25. fxe6+ Qxe6 26. Rf6 Qe7 27.
e6+ Kd8 28. Rxf7 Rxf7 29. Bg5 Rg7 30. Qxg7 1-0

[Event "Acropolis 2008"]
[Site "Athens"]
[Date "2008.08.09"]
[Round "1.5"]
[White "Goumas, Georgios"]
[Black "Svetushkin, Dmitry"]
[Result "0-1"]
[WhiteElo "2276"]
[BlackElo "2587"]
[PlyCount "58"]
[EventDate "2008.08.09"]
[EventType "swiss"]
[EventRounds "9"]
[EventCountry "GRE"]

1. e4 c6 2. d4 d5 3. e5 Bf5 4. Be3 e6 5. Nd2 Nd7 6. Ngf3 h6 7. Be2 Ne7 8. O-O
Bh7 9. g4 Ng6 10. Ne1 h5 11. f4 hxg4 12. f5 exf5 13. Rxf5 Nh4 14. Rf4 Be7 15.
Rxg4 Nf8 16. Bd3 Ne6 17. Qe2 Qd7 18. Ng2 Nxg2 19. Rxg2 O-O-O 20. Rf1 f6 21. Nf3
Be4 22. Rg3 Rh7 23. Rf2 Rdh8 24. c3 f5 25. Bxe4 dxe4 26. Ng5 Bxg5 27. Rxg5 Rh5
28. Rg3 g5 29. Rxf5 Rxh2 0-1

[Event "Acropolis 2008"]
[Site "Athens"]
[Date "2008.08.09"]
[Round "1.6"]
[White "Kotanjian, Tigran"]
[Black "Simeonidis, Ioannis"]
[Result "1-0"]
[WhiteElo "2578"]
[BlackElo "2275"]
[PlyCount "57"]
[EventDate "2008.08.09"]
[EventType "swiss"]
[EventRounds "9"]
[EventCountry "GRE"]

1. d4 d5 2. c4 c6 3. Nf3 Nf6 4. e3 Bg4 5. h3 Bxf3 6. Qxf3 e6 7. Nc3 Bb4 8. Bd2
O-O 9. Bd3 Nbd7 10. a3 Ba5 11. cxd5 cxd5 12. b4 Bc7 13. O-O Nb6 14. Rfc1 Rc8
15. Be1 Bb8 16. a4 Nc4 17. a5 Nb2 18. Bf1 Qe7 19. e4 Rfd8 20. exd5 exd5 21.
Nxd5 Qd6 22. Nxf6+ gxf6 23. Qg4+ Kh8 24. g3 Qe6 25. Qf3 Kg7 26. Bc3 Nc4 27. d5
Ne5 28. Bxe5 Qxe5 29. Rxc8 1-0

[Event "Acropolis 2008"]
[Site "Athens"]
[Date "2008.08.09"]
[Round "1.7"]
[White "Fakhiridou, Ekaterini"]
[Black "Banikas, Hristos"]
[Result "1/2-1/2"]
[WhiteElo "2274"]
[BlackElo "2572"]
[PlyCount "51"]
[EventDate "2008.08.09"]
[EventType "swiss"]
[EventRounds "9"]
[EventCountry "GRE"]

1. e4 c5 2. b3 b6 3. g3 Bb7 4. Bg2 e6 5. f4 d5 6. e5 Ne7 7. Nf3 d4 8. O-O Qd7
9. c4 d3 10. Nc3 Nbc6 11. Bb2 Nf5 12. Ne4 Ncd4 13. Nxd4 Nxd4 14. Bxd4 Bxe4 15.
Bc3 Bxg2 16. Kxg2 Be7 17. Qf3 O-O 18. Rae1 Rad8 19. Re3 Rfe8 20. Qe4 f5 21.
exf6 Bxf6 22. Bxf6 gxf6 23. Rff3 Qd4 24. Qxd4 Rxd4 25. Rxd3 e5 26. Rxd4 1/2-1/2

[Event "Acropolis 2008"]
[Site "Athens"]
[Date "2008.08.09"]
[Round "1.9"]
[White "Galopoulos, Nikolaos"]
[Black "Mastrovasilis, Dimitrios"]
[Result "0-1"]
[WhiteElo "2270"]
[BlackElo "2563"]
[PlyCount "58"]
[EventDate "2008.08.09"]
[EventType "swiss"]
[EventRounds "9"]
[EventCountry "GRE"]

1. e4 c5 2. Nf3 e6 3. d4 cxd4 4. Nxd4 a6 5. Be2 Qc7 6. O-O Nf6 7. Nc3 Bb4 8. f3
Nc6 9. Be3 O-O 10. Kh1 b5 11. Nxc6 dxc6 12. Qe1 Be7 13. Qf2 e5 14. Rfd1 Be6 15.
Rd2 Qb7 16. Rad1 Rfd8 17. Bc5 Rxd2 18. Rxd2 Bd8 19. Bf1 Nd7 20. Be3 Ba5 21. a3
h6 22. g3 b4 23. axb4 Bxb4 24. Rd1 Bxc3 25. bxc3 a5 26. f4 Nf6 27. Qg2 c5 28.
f5 Bd7 29. Bc4 Bc6 0-1

[Event "Acropolis 2008"]
[Site "Athens"]
[Date "2008.08.09"]
[Round "1.10"]
[White "Salgado Lopez, Ivan"]
[Black "Pavlidis, Anastasios"]
[Result "1-0"]
[WhiteElo "2532"]
[BlackElo "2270"]
[PlyCount "53"]
[EventDate "2008.08.09"]
[EventType "swiss"]
[EventRounds "9"]
[EventCountry "GRE"]

1. e4 c5 2. Nf3 d6 3. d4 Nf6 4. Nc3 cxd4 5. Nxd4 g6 6. Be3 Bg7 7. f3 O-O 8. Qd2
Nc6 9. Bc4 Bd7 10. O-O-O Rc8 11. Bb3 Ne5 12. Kb1 Re8 13. Bh6 Bxh6 14. Qxh6 Rxc3
15. bxc3 Qa5 16. h4 Qxc3 17. h5 Nc4 18. Bxc4 Qxc4 19. g4 Rc8 20. hxg6 fxg6 21.
g5 Be6 22. Rd3 Qxa2+ 23. Kc1 Bb3 24. Rxb3 Nh5 25. Rxh5 Qa1+ 26. Rb1 Qa3+ 27.
Kd1 1-0

[Event "Acropolis 2008"]
[Site "Athens"]
[Date "2008.08.09"]
[Round "1.11"]
[White "Pavlidis, Antonios"]
[Black "Romanishin, Oleg M"]
[Result "0-1"]
[WhiteElo "2266"]
[BlackElo "2530"]
[PlyCount "68"]
[EventDate "2008.08.09"]
[EventType "swiss"]
[EventRounds "9"]
[EventCountry "GRE"]

1. e4 e5 2. Nf3 Nc6 3. Bb5 a6 4. Ba4 Nf6 5. O-O Be7 6. Re1 b5 7. Bb3 d6 8. c3
O-O 9. h3 Na5 10. Bc2 c5 11. d4 Bb7 12. Nbd2 cxd4 13. cxd4 exd4 14. Nxd4 Re8
15. N2f3 Bf8 16. Bg5 h6 17. Bh4 Nc4 18. Nf5 Rc8 19. Qd4 Re6 20. Bb3 g6 21. Ne3
g5 22. Nxg5 hxg5 23. Bxg5 Rc5 24. f4 Rxg5 25. fxg5 Nxe4 26. Nxc4 bxc4 27. Bc2
Bg7 28. Qa7 Bc6 29. Rf1 Nxg5 30. h4 Re2 31. Rf2 Rxf2 32. Qxf2 Ne4 33. Bxe4 Bxe4
34. Rf1 Qe7 0-1

[Event "Acropolis 2008"]
[Site "Athens"]
[Date "2008.08.09"]
[Round "1.12"]
[White "Rasmussen, Allan Stig"]
[Black "Sarandos, Vasilios"]
[Result "1-0"]
[WhiteElo "2519"]
[BlackElo "2259"]
[PlyCount "59"]
[EventDate "2008.08.09"]
[EventType "swiss"]
[EventRounds "9"]
[EventCountry "GRE"]

1. e4 c6 2. d4 d5 3. Nc3 dxe4 4. Nxe4 Bf5 5. Ng3 Bg6 6. h4 h6 7. Nf3 Nd7 8. h5
Bh7 9. Bd3 Bxd3 10. Qxd3 e6 11. Bf4 Qa5+ 12. Bd2 Qc7 13. O-O-O Ngf6 14. Kb1
O-O-O 15. Ne4 Nxe4 16. Qxe4 Nf6 17. Qe2 Rd5 18. c4 Rxh5 19. Rhe1 c5 20. Ne5 Rh4
21. g4 g5 22. Bc3 h5 23. dxc5 Bg7 24. Ng6 Rxg4 25. Nxh8 Bxh8 26. f3 Rh4 27. Qd2
Rxc4 28. Be5 Qe7 29. Qxg5 Rxc5 30. Qh6 1-0

[Event "Acropolis 2008"]
[Site "Athens"]
[Date "2008.08.09"]
[Round "1.13"]
[White "Exizoglou, Dimitrios"]
[Black "Mastrovasilis, Athanasios"]
[Result "0-1"]
[WhiteElo "2251"]
[BlackElo "2518"]
[PlyCount "144"]
[EventDate "2008.08.09"]
[EventType "swiss"]
[EventRounds "9"]
[EventCountry "GRE"]

1. e4 e5 2. Nf3 d6 3. d4 exd4 4. Nxd4 Nf6 5. Nc3 Be7 6. Bd3 O-O 7. O-O Re8 8.
b3 c6 9. Bb2 Bf8 10. a4 Nbd7 11. Re1 Nc5 12. h3 a5 13. Qd2 Qb6 14. Rad1 Bd7 15.
Qf4 Nxd3 16. Rxd3 Qc5 17. Nf3 Be6 18. Qd2 Nd7 19. Ne2 Ne5 20. Rc3 Qb4 21. Qe3
Nxf3+ 22. Qxf3 d5 23. Nc1 dxe4 24. Rxe4 Bd5 25. Rxb4 Re1+ 26. Kh2 Bxf3 27. Rd4
Bd5 28. f4 Rae8 29. Rg3 h5 30. c4 h4 31. Rg4 Be4 32. Rd2 Bc5 33. Rxh4 Bg1+ 34.
Kg3 Bf5 35. Rh5 R1e3+ 36. Kh4 Bg6 37. Re5 R8xe5 38. fxe5 Re4+ 39. Kg3 Be3 40.
Rd8+ Kh7 41. Rd7 b6 42. e6 Rxe6 43. Nd3 Bf5 44. Kh2 Bg5 45. Bc1 Bxc1 46. Nxc1
Re1 47. Rxf7 Bg6 48. Rc7 Rxc1 49. Rxc6 Rc2 50. Rxb6 Be4 51. Kg3 g5 52. Kh2 Bxg2
53. b4 axb4 54. Rxb4 Kg6 55. c5 Kh5 56. a5 Bc6+ 57. Kg1 Rxc5 58. a6 Ra5 59. Rb6
Bd5 60. Kf2 Bc4 61. Rb4 Bxa6 62. Rb8 Ra2+ 63. Kg3 Ra3+ 64. Kh2 Bc4 65. Rh8+ Kg6
66. Re8 Bd5 67. Re5 Ra2+ 68. Kg1 Rd2 69. Re8 Kf5 70. Rf8+ Ke5 71. h4 gxh4 72.
Rh8 Kf4 0-1

[Event "Acropolis 2008"]
[Site "Athens"]
[Date "2008.08.09"]
[Round "1.14"]
[White "Zubarev, Alexander"]
[Black "Makropoulou, Marina"]
[Result "1-0"]
[WhiteElo "2517"]
[BlackElo "2244"]
[PlyCount "75"]
[EventDate "2008.08.09"]
[EventType "swiss"]
[EventRounds "9"]
[EventCountry "GRE"]

1. c4 e5 2. Nc3 Nc6 3. g3 g6 4. Bg2 Bg7 5. Rb1 a5 6. a3 Nf6 7. b4 axb4 8. axb4
O-O 9. Nf3 d6 10. d3 h6 11. O-O Be6 12. b5 Ne7 13. Bb2 Qd7 14. Re1 Bh3 15. Bh1
Ng4 16. Ra1 Rab8 17. Ra7 f5 18. Nd2 e4 19. e3 exd3 20. Nb3 Ne5 21. Nd5 Bg4 22.
Qa1 Nc8 23. Ra2 c6 24. Nb4 Nxc4 25. Bxg7 Qxg7 26. Nxd3 Ne5 27. Nxe5 Qxe5 28.
bxc6 bxc6 29. Bxc6 Ne7 30. Nd4 Rb6 31. Bg2 g5 32. Ra7 Bh5 33. h3 Bg6 34. Rc1
Rfb8 35. Kh2 Rb2 36. Rcc7 Nd5 37. Bxd5+ Qxd5 38. Qxb2 1-0

[Event "Acropolis 2008"]
[Site "Athens"]
[Date "2008.08.09"]
[Round "1.15"]
[White "Karlovich, Anastazia"]
[Black "Danielian, Elina"]
[Result "1/2-1/2"]
[WhiteElo "2242"]
[BlackElo "2495"]
[PlyCount "58"]
[EventDate "2008.08.09"]
[EventType "swiss"]
[EventRounds "9"]
[EventCountry "GRE"]

1. e4 c6 2. c4 d5 3. exd5 cxd5 4. cxd5 Nf6 5. Nc3 g6 6. Nf3 Bg7 7. Bc4 O-O 8.
O-O Nbd7 9. d3 Nb6 10. Qb3 Bg4 11. Ne5 Qc7 12. Re1 Rac8 13. Bg5 Bf5 14. Rac1
Nxc4 15. dxc4 h6 16. Bf4 Nh5 17. Nxg6 Nxf4 18. Nxe7+ Kh8 19. Nxf5 Nd3 20. Nxg7
Nxc1 21. Rxc1 Kxg7 22. Nb5 Qf4 23. Qg3+ Qxg3 24. hxg3 Rfd8 25. Rc3 a6 26. Nd4
Kg6 27. f3 Kf6 28. Kf2 h5 29. a4 Ke5 1/2-1/2

[Event "Acropolis 2008"]
[Site "Athens"]
[Date "2008.08.09"]
[Round "1.16"]
[White "Rakhmanov, Aleksandr"]
[Black "Sigalas, Frangiskos"]
[Result "1-0"]
[WhiteElo "2489"]
[BlackElo "2242"]
[PlyCount "67"]
[EventDate "2008.08.09"]
[EventType "swiss"]
[EventRounds "9"]
[EventCountry "GRE"]

1. d4 Nf6 2. c4 e6 3. Nc3 Bb4 4. e3 b6 5. Bd3 Bb7 6. f3 c5 7. Nge2 cxd4 8. exd4
O-O 9. O-O d5 10. a3 Be7 11. cxd5 Nxd5 12. Bc2 Nc6 13. Qd3 g6 14. Bh6 Re8 15.
Ba4 Rc8 16. Ne4 f5 17. N4c3 Bf6 18. Kh1 Re7 19. Rad1 Nxc3 20. bxc3 Na5 21. Bb5
Bd5 22. Bc1 Bc4 23. Bxc4 Nxc4 24. g4 Qd6 25. Rg1 Kh8 26. gxf5 exf5 27. Nf4 b5
28. Rxg6 hxg6 29. Nxg6+ Kg7 30. Nxe7 Qxe7 31. Qxf5 Rg8 32. Qxb5 Nd6 33. Qh5 Qf7
34. Qh6# 1-0

[Event "Acropolis 2008"]
[Site "Athens"]
[Date "2008.08.09"]
[Round "1.17"]
[White "Filippas, Sebastian"]
[Black "Zhukova, Natalia"]
[Result "0-1"]
[WhiteElo "2240"]
[BlackElo "2489"]
[PlyCount "78"]
[EventDate "2008.08.09"]
[EventType "swiss"]
[EventRounds "9"]
[EventCountry "GRE"]

1. d4 d5 2. c4 e6 3. Nf3 c6 4. Qc2 Bd6 5. g3 Nf6 6. Bg2 O-O 7. O-O b6 8. Nbd2
Ba6 9. b3 Nbd7 10. Bb2 Rc8 11. e4 Be7 12. Rfe1 c5 13. e5 Ne8 14. cxd5 exd5 15.
Qf5 g6 16. Qh3 Ng7 17. Bf1 Bb7 18. dxc5 bxc5 19. Rad1 Ne6 20. Qg4 Qa5 21. a3
Rfd8 22. h4 h5 23. Qh3 Kg7 24. Bd3 Qb6 25. Bc1 c4 26. Bc2 c3 27. Nf1 d4 28. g4
hxg4 29. Qxg4 Bxf3 30. Qxf3 Bxh4 31. Re4 Bg5 32. Ng3 Bxc1 33. Rxc1 Ng5 34. Qg4
Nxe4 35. Bxe4 Nxe5 36. Nf5+ Kf8 37. Qh4 gxf5 38. Qh8+ Ke7 39. Qxe5+ Qe6 0-1

[Event "Acropolis 2008"]
[Site "Athens"]
[Date "2008.08.09"]
[Round "1.18"]
[White "Tirard, Hugo"]
[Black "Georgiou, Kostantinos"]
[Result "1/2-1/2"]
[WhiteElo "2461"]
[BlackElo "2236"]
[PlyCount "111"]
[EventDate "2008.08.09"]
[EventType "swiss"]
[EventRounds "9"]
[EventCountry "GRE"]

1. e4 e5 2. Nf3 Nc6 3. Bb5 a6 4. Ba4 Nf6 5. O-O b5 6. Bb3 Be7 7. Qe2 d6 8. c3
O-O 9. Rd1 Na5 10. Bc2 c5 11. d4 cxd4 12. cxd4 Qc7 13. Bg5 Bg4 14. d5 Bxf3 15.
gxf3 Nxd5 16. Be3 Nxe3 17. fxe3 Nc4 18. Nc3 Bg5 19. Nd5 Bxe3+ 20. Qxe3 Nxe3 21.
Nxc7 Rac8 22. Nd5 Nxd5 23. Bb3 Nf4 24. Rxd6 a5 25. Rb6 a4 26. Bd1 Rb8 27. Rxb8
Rxb8 28. Rc1 Rd8 29. b3 a3 30. b4 Nd3 31. Rc7 Nxb4 32. Bb3 h6 33. Rxf7 Kh7 34.
Ra7 Nxa2 35. Rxa3 Nc1 36. Bd5 b4 37. Ra1 Ne2+ 38. Kf2 Nc3 39. Be6 Rd2+ 40. Ke3
Rxh2 41. Ra7 Kg6 42. Rb7 Kf6 43. Bb3 Ne2 44. Rb6+ Kg5 45. Re6 Nc1 46. Rxe5+ Kg6
47. Bc4 Rc2 48. Re6+ Kh7 49. Bd5 b3 50. Rb6 b2 51. e5 Re2+ 52. Kd4 Rd2+ 53. Kc4
Rc2+ 54. Kd4 Rd2+ 55. Kc4 Rc2+ 56. Kd4 1/2-1/2

[Event "Acropolis 2008"]
[Site "Athens"]
[Date "2008.08.09"]
[Round "1.19"]
[White "Makka, Ioulia"]
[Black "Dzagnidze, Nana"]
[Result "1/2-1/2"]
[WhiteElo "2225"]
[BlackElo "2458"]
[PlyCount "183"]
[EventDate "2008.08.09"]
[EventType "swiss"]
[EventRounds "9"]
[EventCountry "GRE"]

1. e4 c5 2. Nf3 e6 3. d4 cxd4 4. Nxd4 a6 5. Bd3 Bc5 6. Nb3 Be7 7. Qg4 g6 8. Qe2
Nc6 9. O-O d6 10. Na3 e5 11. h3 Be6 12. Bc4 Rc8 13. Bxe6 fxe6 14. c4 Bf6 15.
Be3 Nd4 16. Qd3 Nxb3 17. Qxb3 Qd7 18. Rad1 Ne7 19. Qd3 Rc6 20. b4 Nc8 21. b5
axb5 22. cxb5 Rc7 23. Nc4 Qxb5 24. Nxd6+ Nxd6 25. Qxd6 Qc6 26. Bb6 Rc8 27. Rd3
Rf8 28. Rfd1 Rf7 29. a4 Be7 30. Qxc6+ bxc6 31. a5 c5 32. Rc3 Bf8 33. a6 Rd7 34.
Ra1 Bd6 35. a7 Ra8 36. Bxc5 Bxc5 37. Rxc5 Raxa7 38. Rxa7 Rxa7 39. Rxe5 Kf7 40.
Rb5 Kf6 41. Kh2 Ra4 42. f3 Ra2 43. h4 h5 44. Kg3 Rc2 45. Rb8 Ra2 46. Rb3 Re2
47. Rb1 Ra2 48. Rf1 e5 49. Rf2 Ra1 50. Kh2 Rb1 51. Rd2 Rf1 52. Rd6+ Kf7 53. Kh3
Rh1+ 54. Kg3 Rf1 55. Ra6 Rh1 56. Rb6 Rf1 57. Rb2 Ke6 58. Rb6+ Kf7 59. Kh2 Ra1
60. Rb3 Re1 61. g3 Re2+ 62. Kg1 Ke6 63. Kf1 Ra2 64. Rb6+ Kf7 65. Rd6 Rb2 66.
Kg1 Rb3 67. Kf2 Rb2+ 68. Kf1 Ra2 69. Rd3 Ke6 70. Re3 Rb2 71. Re2 Rb1+ 72. Kg2
Ra1 73. f4 Ra3 74. Re1 Rb3 75. Re2 Ra3 76. Rb2 exf4 77. gxf4 Ra4 78. Re2 Ra3
79. Re1 Rb3 80. Ra1 Rb2+ 81. Kg1 Rb4 82. Re1 Rb2 83. Re3 Ra2 84. Rg3 Re2 85.
Rxg6+ Kf7 86. Rg2 Rxe4 87. Rf2 Kf6 88. Kg2 Kf5 89. Kg3 Re1 90. Kh2 Re4 91. Kg3
Re1 92. Kg2 1/2-1/2

[Event "Acropolis 2008"]
[Site "Athens"]
[Date "2008.08.09"]
[Round "1.20"]
[White "Managadze, Nikoloz"]
[Black "Angelis, Mihail"]
[Result "1-0"]
[WhiteElo "2444"]
[BlackElo "2224"]
[PlyCount "80"]
[EventDate "2008.08.09"]
[EventType "swiss"]
[EventRounds "9"]
[EventCountry "GRE"]

1. e4 c6 2. d4 d5 3. exd5 cxd5 4. c4 Nf6 5. Nc3 e6 6. Nf3 Bb4 7. Qb3 Nc6 8. Bg5
O-O 9. Be2 dxc4 10. Qxc4 Qd5 11. Qd3 Ne4 12. Bd2 Bxc3 13. bxc3 Nxd2 14. Qxd2 e5
15. c4 Qd6 16. d5 Ne7 17. O-O b6 18. a4 Ng6 19. a5 Bf5 20. g3 f6 21. Ra2 Rfc8
22. Rfa1 Rab8 23. Rb2 Nf8 24. Nh4 Bg6 25. Qb4 Rc5 26. axb6 Rxb6 27. Qd2 Qb8 28.
Rxb6 Qxb6 29. d6 Be8 30. Nf5 Bd7 31. Ne7+ Kh8 32. Ra2 Be6 33. Rb2 Qd8 34. Bf3
Nd7 35. Rb7 Rxc4 36. Nc6 Qe8 37. Bd5 Bxd5 38. Qxd5 Rc1+ 39. Kg2 h6 40. Ne7 Rc5
1-0

[Event "Acropolis 2008"]
[Site "Athens"]
[Date "2008.08.09"]
[Round "1.21"]
[White "Kourousis, Epaminondas"]
[Black "Dembo, Yelena"]
[Result "0-1"]
[WhiteElo "2221"]
[BlackElo "2431"]
[PlyCount "86"]
[EventDate "2008.08.09"]
[EventType "swiss"]
[EventRounds "9"]
[EventCountry "GRE"]

1. d4 Nf6 2. c4 g6 3. Nc3 Bg7 4. e4 d6 5. Nf3 O-O 6. h3 e5 7. d5 Nh5 8. Nh2 Na6
9. g3 Nc5 10. b4 Na6 11. Rb1 f5 12. Be2 Nf6 13. g4 Nxe4 14. Nxe4 fxe4 15. O-O
Qh4 16. Qb3 Bh6 17. Bxh6 Qxh6 18. Rfe1 Rf4 19. Bf1 Qf8 20. Qg3 c5 21. a3 Bd7
22. b5 Nc7 23. Re3 Ne8 24. Bg2 Nf6 25. Rbe1 a6 26. a4 axb5 27. axb5 Ra2 28.
R1e2 Ra4 29. Rc2 Qa8 30. Bf1 Kg7 31. Be2 Ra1+ 32. Kg2 Qa5 33. Rcc3 Qb4 34. Ra3
Rxa3 35. Rxa3 e3 36. Rxe3 Ne4 37. Rxe4 Rxe4 38. Qh4 Rf4 39. Qe7+ Rf7 40. Qxd6
Qb2 41. Kf1 Qb1+ 42. Kg2 Qe4+ 43. Bf3 Qd4 0-1

[Event "Acropolis 2008"]
[Site "Athens"]
[Date "2008.08.09"]
[Round "1.22"]
[White "Caselas Cabanas, Jacobo"]
[Black "Margaritis, Fotios"]
[Result "1-0"]
[WhiteElo "2418"]
[BlackElo "2220"]
[PlyCount "129"]
[EventDate "2008.08.09"]
[EventType "swiss"]
[EventRounds "9"]
[EventCountry "GRE"]

1. d4 g6 2. Nf3 Bg7 3. g3 d6 4. Bg2 Nd7 5. c4 c6 6. O-O Qc7 7. Nc3 Ngf6 8. e4
e5 9. h3 O-O 10. Be3 b6 11. Qc2 Ba6 12. Qa4 Qb7 13. Rfd1 Rfe8 14. dxe5 dxe5 15.
Bf1 Bf8 16. Qc2 h6 17. a3 Rac8 18. b4 Qa8 19. Nd2 Bb7 20. Bg2 a5 21. Nb3 Kh7
22. bxa5 bxa5 23. Na4 c5 24. f3 Bc6 25. Nc3 Re6 26. a4 Nb6 27. Nb5 Bxb5 28.
axb5 a4 29. Qc3 Qb8 30. Na5 Qc7 31. Nc6 Nfd7 32. h4 Nb8 33. Bh3 Nxc6 34. bxc6
Qxc6 35. Bf2 Ra8 36. Bxe6 Qxe6 37. Rdc1 Be7 38. Rab1 Rc8 39. Rb5 Rc6 40. Kg2 g5
41. hxg5 hxg5 42. g4 Nd7 43. Ra5 Nf8 44. Rxa4 Ng6 45. Bg3 Rd6 46. Ra2 Rd4 47.
Rd2 Bf6 48. Kf1 Qd7 49. Rcd1 Qa4 50. Ra1 Rxc4 51. Rxa4 Rxc3 52. Ke2 Nf4+ 53.
Bxf4 exf4 54. Rd7 Re3+ 55. Kd1 Kg7 56. Raa7 Rxf3 57. Rxf7+ Kg6 58. Rfd7 Rf1+
59. Ke2 Rb1 60. Rd6 Rb4 61. Re6 Rb2+ 62. Kd1 Rb1+ 63. Kc2 Rb2+ 64. Kc1 Re2 65.
Raa6 1-0

[Event "Acropolis 2008"]
[Site "Athens"]
[Date "2008.08.09"]
[Round "1.23"]
[White "Nathanail, Emanouel"]
[Black "Grigoriadis, Alexandros"]
[Result "0-1"]
[WhiteElo "2219"]
[BlackElo "2417"]
[PlyCount "76"]
[EventDate "2008.08.09"]
[EventType "swiss"]
[EventRounds "9"]
[EventCountry "GRE"]

1. c4 c5 2. g3 Nc6 3. Bg2 g6 4. Nc3 Bg7 5. a3 d6 6. Nf3 Nh6 7. O-O Nf5 8. Rb1
a5 9. d3 O-O 10. Bg5 h6 11. Bd2 e6 12. Ne1 Bd7 13. Nc2 a4 14. Nb5 Na5 15. e4
Ne7 16. Nxd6 Qb6 17. e5 Bxe5 18. Ne4 Kh7 19. Bf4 f6 20. Bxe5 fxe5 21. Ne3 Kg7
22. Ng4 Qc7 23. Qc1 Nf5 24. Qc3 Nd4 25. Rbe1 h5 26. Ne3 Rae8 27. Ng5 Bc6 28.
Ne4 Nab3 29. f4 Bxe4 30. Bxe4 exf4 31. gxf4 Rxf4 32. Rxf4 Qxf4 33. Ng2 Qf6 34.
Kh1 Rf8 35. h3 Qf2 36. Kh2 b6 37. Re3 Nd2 38. Qc1 Nf1+ 0-1

[Event "Acropolis 2008"]
[Site "Athens"]
[Date "2008.08.09"]
[Round "1.24"]
[White "Melia, Salome"]
[Black "Kordis, Konstantinos"]
[Result "1-0"]
[WhiteElo "2416"]
[BlackElo "2216"]
[PlyCount "89"]
[EventDate "2008.08.09"]
[EventType "swiss"]
[EventRounds "9"]
[EventCountry "GRE"]

1. e4 c5 2. Nf3 e6 3. d4 cxd4 4. Nxd4 a6 5. Bd3 Qc7 6. Qe2 Nf6 7. O-O d6 8. c4
g6 9. Nc3 Bg7 10. Nf3 O-O 11. Bf4 Nc6 12. Rac1 Ne5 13. h3 b6 14. Rfd1 Bb7 15.
b3 Nh5 16. Bd2 Nxf3+ 17. Qxf3 f5 18. Qe3 f4 19. Qf3 Be5 20. Ne2 Rad8 21. Bb1
Qg7 22. a4 a5 23. b4 Bc6 24. bxa5 Bxa4 25. Bc2 Bxc2 26. Rxc2 bxa5 27. Bxa5 Rb8
28. Bc3 Bxc3 29. Qxc3 Qe7 30. Nd4 f3 31. Nxf3 Nf4 32. Kh2 Rbc8 33. g3 Nh5 34.
Kg2 Qb7 35. Qe3 Nf6 36. Rxd6 Nxe4 37. Rxe6 Ng5 38. Qxg5 Qxf3+ 39. Kh2 Rxc4 40.
Rxg6+ hxg6 41. Qxg6+ Kh8 42. Qh6+ Kg8 43. Qe6+ Qf7 44. Qxf7+ Rxf7 45. Rxc4 1-0

[Event "Acropolis 2008"]
[Site "Athens"]
[Date "2008.08.09"]
[Round "1.25"]
[White "Fernandez, Daniel Howard"]
[Black "D`costa, Lorin A R"]
[Result "0-1"]
[WhiteElo "2215"]
[BlackElo "2414"]
[PlyCount "98"]
[EventDate "2008.08.09"]
[EventType "swiss"]
[EventRounds "9"]
[EventCountry "GRE"]

1. e4 c5 2. Nf3 e6 3. d4 cxd4 4. Nxd4 a6 5. Nc3 Qc7 6. Be2 Nf6 7. O-O Bc5 8.
Be3 d6 9. Qd3 O-O 10. Rad1 b5 11. Nb3 Bxe3 12. Qxe3 Bb7 13. a3 Nbd7 14. f4 Rad8
15. Rd2 e5 16. fxe5 dxe5 17. Rfd1 Rc8 18. Rd6 Rfe8 19. Bf3 h6 20. R1d2 Re7 21.
Ne2 Ne8 22. R6d3 Nb6 23. Na5 Nc4 24. Nxc4 bxc4 25. Rc3 Nd6 26. b3 Qb8 27. a4
Ba8 28. Ng3 Rc6 29. Be2 Rec7 30. a5 Kh7 31. Nh5 f6 32. h3 Qb4 33. bxc4 Nxc4 34.
Bxc4 Rxc4 35. Rxc4 Qxc4 36. Rd8 Bxe4 37. Kh2 Qxc2 38. Rd2 Qc4 39. Qa3 Qc5 40.
Qa4 Bg6 41. Ng3 f5 42. Rd8 f4 43. Ne2 Qc2 44. Qb4 Qxe2 45. Qb8 Be4 46. Rh8+ Kg6
47. Qe8+ Rf7 48. Qe6+ Rf6 49. Qe8+ Kg5 0-1

[Event "Acropolis 2008"]
[Site "Athens"]
[Date "2008.08.09"]
[Round "1.26"]
[White "Maric, Alisa"]
[Black "Papadopoulou, Vera"]
[Result "1-0"]
[WhiteElo "2412"]
[BlackElo "2210"]
[PlyCount "105"]
[EventDate "2008.08.09"]
[EventType "swiss"]
[EventRounds "9"]
[EventCountry "GRE"]

1. Nf3 Nf6 2. c4 e6 3. Nc3 Bb4 4. Qc2 O-O 5. a3 Bxc3 6. Qxc3 d6 7. d4 Ne4 8.
Qc2 f5 9. g3 Nd7 10. Bg2 Ndf6 11. O-O Qe8 12. Ne1 Qh5 13. f3 Ng5 14. Nd3 h6 15.
c5 Qe8 16. cxd6 cxd6 17. Bd2 Qb5 18. b4 Bd7 19. a4 Qb6 20. e3 Rac8 21. Qa2 Nd5
22. h4 Nh7 23. Qb3 Nhf6 24. Rfc1 Kh8 25. Nb2 Qd8 26. Nc4 Nb6 27. Nxd6 Rxc1+ 28.
Rxc1 Qb8 29. a5 Qxd6 30. axb6 Qxb6 31. Qa3 Re8 32. Qa5 Qxa5 33. bxa5 Rc8 34.
Rxc8+ Bxc8 35. Kf2 Kg8 36. Bb4 Kf7 37. Bc5 a6 38. Bd6 Nd5 39. e4 fxe4 40. fxe4
Nc3 41. Ke3 Nb5 42. Bb8 Bd7 43. Kd3 Na3 44. Kc3 Ke7 45. Kb4 Nc2+ 46. Kc5 Ne3
47. Bf3 Bb5 48. d5 Bf1 49. Bd6+ Kf7 50. Bc7 Nc4 51. g4 exd5 52. exd5 Ne3 53. d6
1-0